banner-ar

ثورة 23 يوليو قضايا الحاضر وتحديات المستقبل بحوث ومناقشات الندوة الفكرية التى نظمتها دار المستقبل العربى / (Record no. 51315)

MARC details
000 -الفاتح
حقل البيانات ثابتة الطول 00791nam a2200205Ia 4500
008 - عناصر البيانات ثابتة الطول - معلومات عامة
حقل البيانات ثابتة الطول 140319s9999 xx 000 0 ara d
040 ## - مصدر الفهرسة
وكالة الفهرسة الأصلية GCL /
وكالة النسخ GCL
082 04 - رقم تصنيف ديوى العشرى
رقم التصنيف ق
رقم المادة 962.06
-- ا ث
100 1# - المدخل الرئيسى - إسم شخصى
الإسم الشخصى احمد صدقى الدجانى
245 10 - بيان العنوان
العنوان ثورة 23 يوليو قضايا الحاضر وتحديات المستقبل بحوث ومناقشات الندوة الفكرية التى نظمتها دار المستقبل العربى /
بيان المسئوليه,etc احمد صدقى الدجانى
700 1# - المدخل الاضافى - اسم شخصى
الإسم الشخصى احمد بهاءالدين
700 1# - المدخل الاضافى - اسم شخصى
الإسم الشخصى ابراهيم صقر
260 ## - PUBLICATION, DISTRIBUTION, ETC. (IMPRINT)
تاريخ النشر أو التوزيع 1987
300 ## - الوصف المادى
التعداد 900 ص
490 ## - بيان السلسلة
عنوان السلسلة
650 04 - المدخل الاضافى بالموضوع-مصطلح موضوعى
مصطلح موضوعي القضايا السياسية
650 04 - المدخل الاضافى بالموضوع-مصطلح موضوعى
مصطلح موضوعي ثورة 23 يوليو 1952
942 ## - عناصر المدخل الإضافي( كوها)
مصدر التصنيف او مخطط الترفيف Dewey Decimal Classification
Koha [default] item type كتاب
260 ## - PUBLICATION, DISTRIBUTION, ETC. (IMPRINT)
-- [S.N] :
-- دار المستقبل العربى ،
Holdings
حالة التراجع حالة الفقد حالة تلف ليس للاعارة المكان المؤقت الموقع الحالى تاريخ الاكتساب اجمالي اﻻعارات رقم الطلب الباركود تاريخ اخر مشاهدة تاريخ تفعيل السعر نوع وعاء كوها
        مكتبة القاهرة الكبرى مكتبة القاهرة الكبرى 03/26/2014   ق\962.06\ا ث 122948 03/26/2014 03/26/2014 كتاب
        مكتبة القاهرة الكبرى مكتبة القاهرة الكبرى 03/26/2014   ق\962.06\ا ث 122949 03/26/2014 03/26/2014 كتاب
        مكتبة القاهرة الكبرى مكتبة القاهرة الكبرى 03/26/2014   ق\962.06\ا ث 122950 03/26/2014 03/26/2014 كتاب
        مكتبة القاهرة الكبرى مكتبة القاهرة الكبرى 03/26/2014   ق\962.06\ا ث 122951 03/26/2014 03/26/2014 كتاب

Powered By

EGPV